[Event "Titled Tuesday intern op 12th Sep Early"]
[Site "Chess.com INT"]
[Date "2023.09.12"]
[Round "6"]
[White "Yelisieiev, Yevhenii"]
[Black "Perez Perez, Gabriel"]
[Result "1-0"]
[WhiteElo "2411"]
[BlackElo "2239"]
[PlyCount "93"]
[EventDate "2023.09.12"]
[EventType "swiss (blitz)"]
[EventRounds "11"]
[EventCountry "USA"]
[SourceTitle "EXT 2024"]
[Source "ChessBase"]
[SourceDate "2023.10.10"]
[SourceVersion "1"]
[SourceVersionDate "2023.10.10"]
[SourceQuality "1"]

1. d4 d5 2. Nf3 e6 3. c4 h6 4. Nc3 Nf6 5. Bf4 Bd6 6. Bg3 0-0 7. e3 c5 8. cxd5 exd5 9. dxc5 Bxc5 10. Be2 Nc6 11. 0-0 d4 12. Na4 Bb6 13. Nxb6 Qxb6 14. Nxd4 Qxb2 15. Nxc6 bxc6 16. Bf3 Ba6 17. Re1 Rad8 18. Qb3 Qxb3 19. axb3 Bb5 20. Rxa7 Nd5 21. h4 Ra8 22. Rea1 Rxa7 23. Rxa7 Rd8 24. Rb7 Nc3 25. Kh2 Kf8 26. Be5 Nb1 27. Bh5 g6 28. Bf6 Re8 29. Bg4 Nd2 30. Bd7 Ra8 31. b4 Ne4 32. Bd4 Kg8 33. f3 Nd6 34. Rc7 Ne8 35. Rc8 Rxc8 36. Bxc8 Nd6 37. Bd7 Nf5 38. Bc5 Nxh4 39. Kg3 Nf5+ 40. Bxf5 gxf5 41. Kf4 Bd3 42. Ke5 Bf1 43. g3 Bg2 44. f4 Be4 45. g4 Bd3 46. gxf5 Bb5 47. Kf6 1-0

[Event "Titled Tuesday intern op 17th Jan Late"]
[Site "Chess.com INT"]
[Date "2023.01.17"]
[Round "5"]
[White "Perez Perez, Gabriel"]
[Black "Vlassov, Nikolai"]
[Result "0-1"]
[WhiteElo "2188"]
[BlackElo "2283"]
[PlyCount "82"]
[EventDate "2023.01.17"]
[EventType "swiss (blitz)"]
[EventRounds "11"]
[EventCountry "USA"]
[SourceTitle "CBM 212 Extra"]
[Source "ChessBase"]
[SourceDate "2023.03.31"]
[SourceVersion "1"]
[SourceVersionDate "2023.03.31"]
[SourceQuality "1"]

1. c4 e5 2. Nf3 e4 3. Nd4 c6 4. Nc3 d5 5. cxd5 Nf6 6. e3 cxd5 7. d3 exd3 8. Bxd3 Nc6 9. Nxc6 bxc6 10. 0-0 Bd6 11. g3 h5 12. h4 Qd7 13. Re1 0-0 14. e4 Bc5 15. Na4 Bxf2+ 16. Kxf2 dxe4 17. Bf1 Qf5+ 18. Kg1 Be6 19. Be3 Rfd8 20. Qe2 Ng4 21. Bf4 Rd4 22. Nc3 Bc4 23. Qg2 Qc5 24. Kh1 Bd5 25. Nxd5 cxd5 26. Rac1 Qb6 27. b3 a5 28. Be2 a4 29. Bxg4 hxg4 30. Be3 axb3 31. Bxd4 Qxd4 32. axb3 Rb8 33. Rb1 Qe5 34. Kh2 f5 35. b4 Rc8 36. Re2 Rc3 37. b5 f4 38. Rc2 Rxg3 39. Qd2 f3 40. Kh1 Rh3+ 41. Kg1 Qg3+ 0-1